Security engineering : a guide to building dependable distributed systems

Збережено в:
Бібліографічні деталі
Автор: Anderson, Ross
Формат: Книга
Опубліковано: Wiley
Теги: Додати тег
Немає тегів, Будьте першим, хто поставить тег для цього запису!

MARC

LEADER 00000nam a2200000Ia 4500
005 20260515061619.0
100 |a Anderson, Ross, 
020 |a 9781119642787 
942 |c BK 
245 |a Security engineering : a guide to building dependable distributed systems  
260 |b Wiley 
999 |c 87  |d 87 
952 |0 0  |1 0  |4 0  |7 0  |a ABDN  |b ABDN  |d 2026-05-15  |l 0  |p 000031  |r 2026-05-15 06:16:19  |w 2026-05-15  |y BK